Les entraineurs de l'OM - Mort Subite - Statistiques

Statistiques générales
  • Ce quiz a été pris 510 fois
  • Le résultat moyen est 15 sur 22
Answers on the Grid
Answers color-coded by a green-red scale on the quiz's grid according to % correct below.
Roberto De Zerbi
Jean-Louis Gasset
Gennaro Gattuso
Jacques Abardonado
Marcelino
Igor Tudor
Jorge Sampaoli
Nasser Larguet
André Villas-Boas
Rudi García
Franck Passi
Míchel
Franck Passi
Marcelo Bielsa
José Anigo
Elie Baup
Didier Deschamps
Eric Gerets
Albert Emon
Jean Fernández
Philippe Troussier
Rolland Courbis
Lilian Thuram
Pierre Sage
Eric Roy
Thierry Laurey
Habib Beye
Taye Taiwo
Pape Diallo
Vikash Dhorasso
Chris Waddle
Pierre Fourcade
 
Statistiques - réponses
Réponse % Correct
Igor Tudor
84%
Jorge Sampaoli
84%
Roberto De Zerbi
83%
Rudi García
83%
Gennaro Gattuso
82%
André Villas-Boas
80%
Didier Deschamps
80%
Jean-Louis Gasset
80%
Marcelo Bielsa
80%
Marcelino
76%
Franck Passi
67%
Franck Passi
65%
Eric Gerets
63%
Rolland Courbis
63%
Míchel
62%
José Anigo
61%
Elie Baup
60%
Jacques Abardonado
55%
Nasser Larguet
48%
Jean Fernández
39%
Albert Emon
36%
Philippe Troussier
31%
Aucun quiz correspondant
Distribution des résultats
% des personnes avec chaque résultat
Percentile par nombre de réponses
Votre historique - résultats
Vous n’avez pas pris ce quiz